000 01273nam a2200337 a 4500
001 000114958
003 CHAP
005 20220329144505.0
008 180817s2018 mx a sm |||||||spa d
010 _a111419
011 _a112391
040 _cCHAP
090 _aTesis
100 1 _aSpecia Miranda, Dalinda Ornella.
_9135781
245 1 0 _aComportamiento de variables fisiológicas y fenológicas sobre uva de mesa cv. Thompson seedless bajo un ambiente protegido /
_h[En línea]
_cpor Dalinda Ornella Specia Miranda.
260 _aChapingo, Méx. :
_bEl autor,
_c2018.
500 _aPara ver el contenido del material haga clic en la liga
502 _aTesis (Agr. en Horticultura Protegida) -- UACH. Departamento de Fitotecnia
590 _aBATCH-UPD
_b10
_c20190528
_lUCH01
_h1208
590 _aE11695DGD
_b10
_c20190528
_lUCH01
_h1207
590 _aE8697GMM
_b05
_c20180817
_lUCH01
_h1443
590 _aE8697GMM
_b05
_c20180817
_lUCH01
_h1445
650 1 4 _aUva
_xCalidad.
_9117122
650 1 4 _aUva
_xRendimiento.
_9117140
650 1 4 _aVid
_xEfecto del medio ambiente.
_9119106
650 1 4 _aVid
_xFisiología y morfología.
_9119114
856 _aFinding aid
_uhttp://10.13.5.2/tesis/sist114958.pdf
_zTeclea aquí
901 _aBK
942 _cTESIS
942 _n0
999 _c111419
_d111419